Statistics for Five Largest Countries by Empire

Click here to take the quiz!

General Stats

  • This quiz has been taken 282 times
    (251 since last reset)
  • The average score is 23 of 30

Answer Stats

HintAnswer% Correct
8,515,767Brazil
97%
93,028Hungary
95%
83,871Austria
94%
6,204,021Canada
94%
2,045,671United States
92%
1,718,000United States
92%
4,779,602Australia
91%
2,043,253India
91%
17,098,246Russia
91%
2,780,400Argentina
89%
1,964,375Mexico
89%
1,141,748Colombia
87%
2,381,741Algeria
84%
603,500Ukraine
84%
2,724,900Kazakhstan
81%
1,285,216Peru
81%
758,717South Africa
79%
1,246,700Angola
74%
1,267,000Niger
72%
95,360Romania
71%
78,865Czech Republic
70%
1,240,192Mali
70%
801,590Mozambique
68%
92,090Portugal
67%
1,284,200Chad
66%
1,156,672Sudan
59%
56,594Croatia
58%
1,030,700Mauritania
58%
488,100Turkmenistan
56%
176,215Uruguay
22%

Score Distribution

Percentile by Number Answered

Percent of People with Each Score

Your Score History

You have not taken this quiz since the last reset